01888nam a2200301 i 4500003000900000005001700009007000300026008004200029020001900071040003000090041000800120082001900128100003900147245009700186264007400283300005400357336002700411337003300438338002800471520063400499590002701133650005501160942001401215952011001229952011501339952011501454999001701569DO-SdBNP20260515161938.0ta260515e2021 ¿dra|||gr|||||||| ||spa d a9789945301236. aDO-SdBNPbspacBNPHUerda aspa 2V145a 2021b22 aValdez, Milton Fredyeautor98961110aArqueología del feminicidio : bestudio en República Dominicana / cMilton Fredy Valdez. 1aSanto Domingo, República Dominicana :bMilton Fredy Valdez, c2021. avolumen : bilustraciones, tablas ; c22 x 15 cm. atextobtxt2rdacontent asin mediaciónbn2rdamedia avolumenbnc2rdacarrier aEn Arqueología del Feminicidio se explica de forma clara y precisa, qué sucede en la mente del sujeto feminicida. Según Schopenhauer: “Por naturaleza, el egoísmo no tiene límites. El hombre tiene sólo un deseo absoluto: conservar su existencia, librarse del dolor y de toda privación. Lo que quiere es el mayor bienestar, la posesión de todos los goces que puede imaginar, los cuales cambia y desarrolla de manera incesante. Por otro lado, existe un prototipo conductual en la mujer según Klein que incita de forma inconsciente el sadismo en el hombre. Y en ese sentido se produce una relación simbiótica. aInventariado, 2026/WG. 0aPsicología social 91574zRepública Dominicana 2ddccLBS1 00102ddc51708PDaBNPHUbBNPHUcCTd2026-05-15l0oV145a 2021p2026-4213r2026-05-15w2026-05-15yLBS1 00102ddc51708PDaBNPHUbBNPHUcCTd2026-05-15l0oV145a 2021p2026-4214r2026-05-15te.2w2026-05-15yLBS1 00102ddc51708PDaBNPHUbBNPHUcCTd2026-05-15l0oV145a 2021p2026-4215r2026-05-15te.3w2026-05-15yLBS1 c60759d60759